000 00442nam a22001697a 4500
003 NUST - PNEC
005 20170116181135.0
008 151007b xxu||||| |||| 00| 0 eng d
020 _a8129704455
040 _cLIBRARY
082 _a671 SIN
100 _914232
_aSingh, D. K
245 _aManufacturing technology theory and problems
_cD.K. Singh
260 _cc.2004
650 _914235
_aManufacturing processes
_xME
942 _2ddc
_cBK
999 _c70189
_d70189